Научный отчет. №438: Статистическая обработка однопараметрических экспериментальных кривых, снятых в автоматическом режиме измерений (Запись № 2939406)

Подробности
000 -МАРКЕР
контрольное поле 01948nam2a22002891 4500
001 - ИДЕНТИФИКАТОР ЗАПИСИ
контрольное поле RU\NLR\INFOCOMM55\1000000407
005 - ИДЕНТИФИКАТОР ВЕРСИИ
контрольное поле 20250617070725.0
035 ## - ДРУГИЕ СИСТЕМНЫЕ НОМЕРА
Идентификатор записи (NLR Aleph) 002541559
100 ## - ДАННЫЕ ОБЩЕЙ ОБРАБОТКИ
Данные общей обработки 20040514d1970 |||y0rusy50 ca
101 0# - ЯЗЫК РЕСУРСА
Язык текста, звукозаписи и т.д. русский
102 ## - СТРАНА ПУБЛИКАЦИИ ИЛИ ПРОИЗВОДСТВА
Страна публикации Российская Федерация
105 ## - ПОЛЕ КОДИРОВАННЫХ ДАННЫХ: ТЕКСТОВЫЕ МАТЕРИАЛЫ, МОНОГРАФИЧЕСКИЕ
Кодированные данные о монографическом текстовом документе y |||||||||
200 1# - ЗАГЛАВИЕ И СВЕДЕНИЯ ОБ ОТВЕТСТВЕННОСТИ
Основное заглавие Статистическая обработка однопараметрических экспериментальных кривых, снятых в автоматическом режиме измерений
Первые сведения об ответственности В.Я. Галкин, В.П. Орлин
210 ## - ПУБЛИКАЦИЯ, РАСПРОСТРАНЕНИЕ И ДР.
Дата издания, распространения и т.д. 1970
Место издания, распространения и т.д. Б. м.
225 1# - СЕРИЯ
Основное заглавие серии ...
Обозначение тома №438
Наименование части ...
Обозначение тома №135
461 #0 - УРОВЕНЬ НАБОРА
Встроенное поле 001RU\NLR\INFOCOMM55\1000048993
-- 2001#$aНаучный отчет$fМоск. гос. ун-т им. М.В. Ломоносова. Вычислительный центр$v№438
Системный номер (АБИС) связанной записи 2939062
Автор Московский университет им. М.В. Ломоносова. Вычислительный центр
Место публикации М.
Дата публикации 1967-
Первые сведения об ответственности Моск. гос. ун-т им. М.В. Ломоносова. Вычислительный центр
Заглавие Научный отчет
Номер тома №438
462 #0 - УРОВЕНЬ ПОДНАБОРА
Встроенное поле 001RU\NLR\INFOCOMM55\1000000404
-- 2001#$aНаучный отчет...$iТЗ [Теоретические задачи]$fМоск. гос. ун-т им. М.В. Ломоносова. Вычислит. центр$v№135
Системный номер (АБИС) связанной записи 2939379
Автор Московский университет им. М.В. Ломоносова. Вычислительный центр
Место публикации М.
Дата публикации 1968-
Первые сведения об ответственности Моск. гос. ун-т им. М.В. Ломоносова. Вычислит. центр
Заглавие части ТЗ [Теоретические задачи]
Заглавие Научный отчет. - Научный отчет...
Номер тома №135
700 #1 - ИМЯ ЛИЦА - ПЕРВИЧНАЯ ОТВЕТСТВЕННОСТЬ
Начальный элемент ввода Галкин
Часть имени, кроме начального элемента ввода В.Я.
Код отношения Автор
701 #1 - ИМЯ ЛИЦА - АЛЬТЕРНАТИВНАЯ ОТВЕТСТВЕННОСТЬ
Начальный элемент ввода Орлин
Часть имени, кроме начального элемента ввода В.П.
Код отношения Автор
801 #1 - ИСТОЧНИК ЗАПИСИ
Страна Российская Федерация
Организация InfoComm
Дата составления 20040514
801 #0 - ИСТОЧНИК ЗАПИСИ
Страна Российская Федерация
Организация NLR
Правила каталогизации PSBO
852 ## - МЕСТОНАХОЖДЕНИЕ И ШИФР ХРАНЕНИЯ
Идентификатор организации NLR
Шифр хранения (Call Number) П8/917
942 ## - ДОПОЛНИТЕЛЬНЫЕ ЭЛЕМЕНТЫ ЗАПИСИ (АБИС)
Тип экземпляра АБИС Выпуск
980 ## - КОЛЛЕКЦИЯ
Название коллекции Национальная библиография
980 ## - КОЛЛЕКЦИЯ
Название коллекции Русская периодика

Нет доступных экземпляров.